Normale Ansicht MARC-Ansicht ISBD

Historia Mundi (Titelsatznr. 48634)

[ MARC ]
MARC-Details
000 -Satzkennung
Kontrollfeld mit fester Länge 00615nam a22001811cc4500
001 - Kontrollnummer
Kontrollfeld a987679999+Band10
035 ## - Systemkontrollnummer
System-Kontrollnummer a987679999
008 - Feld mit fester Länge zur physischen Beschreibung - Allgemeine Angaben
Kontrollfeld mit fester Länge 170707s1952 gw |||| 000u ger d
040 ## - Katalogisierungsquelle
Übertragungsstelle RU-10907106
003 - Kontrollnummer Identifier
Kontrollfeld RU-10907106
245 00 - Titel
Titel Historia Mundi
Zählung des Teils/der Abteilung eines Werkes Band 10
Titel eines Teils/einer Abteilung eines Werkes Das 19. und 20. Jahrhundert
264 ## - Produktion, Veröffentlichung, Distribution, Herstellung und Urheberrechtsvermerk
Herstellungs-, Veröffentlichungs- Vertriebs-, Erzeugungsort Bern :
Produzent, Herausgeber, Distributor, Hersteller Francke,
Datum der Herstellung, der Veröffentlichung, des Vertriebs oder des Urheberschutzvermerks 1952-1961
246 12 - Titelvarianten
Hauptsachtitel/Kurztitel Historia Mundi : ein Handbuch der Weltgeschichte in zehn Bänden. Das 19. und 20. Jahrhundert
Zählung des Teils/der Abteilung eines Werkes Band 10
300 ## - Physische Beschreibung
Umfang 818 S. : 1 Bl. Beil. in Rückenschlaufe
700 1# - Nebeneintragung - Personenname
Personenname Angermann, Erich
Funktionsbezeichnung HerausgeberIn
Koha-Normdatenidentnummer 17877
773 08 - Übergeordnete Einheit
Datensatzkontrollnummer a987679999
Zählung und erste Seite Band10
942 ## - Zusätzliche Felder (Koha)
Koha-Medientyp Monographien
Exemplare
Ausgeschieden Verloren Klassifikation oder Aufstellungssystematik Beschädigt Nicht entleihbar Heimatbibliothek Aufenthaltsbibliothek Aufstellungsort Erwerbungsdatum Inventarnummer Signatur Barcode Letzte Aktivität Preis gültig von Koha-Medientyp
    Andere/Generische Klassifikation     MWN Osteuropa MWN Osteuropa Lesesaal - 1 07/07/2017 17-02055 W 10 B b Val 2 (10) E004015078F6F5FE 23/04/2020 22/03/2021 Monographien